[Event "Bundesliga 0001"]
[Site "Deutschland"]
[Date "2001.01.28"]
[Round "7.1"]
[White "Dautov, Rustem"]
[Black "Hracek, Zbynek"]
[Result "0-1"]
[WhiteElo "2606"]
[BlackElo "2612"]
[PlyCount "176"]
[EventDate "2000.10.14"]
[EventType "team"]
[EventRounds "15"]
[EventCountry "GER"]
[SourceTitle "Bundesliga 0001"]
[Source "DeepChess"]
[SourceDate "2005.01.01"]
[SourceVersion "1"]
[SourceVersionDate "2005.01.01"]
[SourceQuality "1"]
[WhiteTeam "Godesberger SK 1929"]
[BlackTeam "SAbt SV Werder Bremen"]
[WhiteTeamCountry "GER"]
[BlackTeamCountry "GER"]

1. d4 Nf6 2. c4 g6 3. g3 Bg7 4. Bg2 d5 5. cxd5 Nxd5 6. e4 Nb4 7. d5 O-O 8. Ne2
c6 9. a3 N4a6 10. Nbc3 cxd5 11. exd5 Nd7 12. O-O Ne5 13. h3 Nc4 14. b3 Nd6 15.
Be3 Bd7 16. Bd4 Bxd4 17. Qxd4 Qb6 18. Qxb6 axb6 19. Nd4 Rfc8 20. Rfc1 Nc5 21.
Nce2 Bb5 22. Bf1 Bxe2 23. Bxe2 Nce4 24. a4 Nc3 25. Bf3 Rc5 26. Ne2 Nxe2+ 27.
Bxe2 Rxd5 28. Rc7 Kf8 29. Rac1 Raa5 30. Bf3 Rdc5 31. R1xc5 bxc5 32. Bxb7 Ra7
33. a5 Rxa5 34. Bf3 Ke8 35. Bc6+ Kf8 36. Bf3 Rb5 37. Kg2 Rxb3 38. Rxc5 f6 39.
h4 h5 40. Ra5 Rb5 41. Ra8+ Kg7 42. Ra7 Kf7 43. Bc6 Rc5 44. Bf3 f5 45. Ra6 Kf6
46. Ra4 Rc2 47. Rd4 Nf7 48. Ra4 Rd2 49. Ra6+ Nd6 50. Bc6 e5 51. Kf1 Rd4 52. Be8
Kg7 53. Ra7+ Kf6 54. Ra6 e4 55. Ke2 Rd5 56. Bc6 Rd4 57. Be8 Kg7 58. Ra7+ Kh6
59. Re7 Nc8 60. Rc7 Rd8 61. Bc6 Nb6 62. f3 exf3+ 63. Bxf3 Rd4 64. Ke3 Ra4 65.
Rc3 Rb4 66. Bc6 Rg4 67. Kf2 Nc4 68. Bd5 Ne5 69. Re3 Nd7 70. Re7 Nf6 71. Bf3 Rd4
72. Rf7 Rd6 73. Ra7 Nd7 74. Ke3 Nc5 75. Rc7 Re6+ 76. Kf2 Nd3+ 77. Kg2 Re3 78.
Bd5 f4 79. Bg8 Rxg3+ 80. Kh2 g5 81. hxg5+ Kxg5 82. Bc4 Ne5 83. Bd5 Ng4+ 84. Kh1
Rd3 85. Bf7 f3 86. Rc1 Re3 87. Bc4 Ne5 88. Bd5 Ng4 0-1

[Event "Bundesliga 0001"]
[Site "Deutschland"]
[Date "2001.01.28"]
[Round "7.2"]
[White "Babula, Vlastimil"]
[Black "Kengis, Edvins"]
[Result "1/2-1/2"]
[WhiteElo "2582"]
[BlackElo "2589"]
[PlyCount "38"]
[EventDate "2000.10.14"]
[EventType "team"]
[EventRounds "15"]
[EventCountry "GER"]
[SourceTitle "Bundesliga 0001"]
[Source "DeepChess"]
[SourceDate "2005.01.01"]
[SourceVersion "1"]
[SourceVersionDate "2005.01.01"]
[SourceQuality "1"]
[WhiteTeam "SAbt SV Werder Bremen"]
[BlackTeam "Godesberger SK 1929"]
[WhiteTeamCountry "GER"]
[BlackTeamCountry "GER"]

1. d4 e6 2. c4 b6 3. a3 g6 4. Nc3 Bg7 5. Nf3 Bb7 6. Bg5 Ne7 7. e3 h6 8. Bh4 d6
9. Qc2 Nd7 10. Rd1 a6 11. d5 g5 12. dxe6 fxe6 13. Bg3 Nf5 14. Nd4 Bxd4 15. exd4
Qe7 16. f3 Ne3 17. Qg6+ Qf7 18. Qxf7+ Kxf7 19. Rd2 Nxf1 1/2-1/2

[Event "Bundesliga 0001"]
[Site "Deutschland"]
[Date "2001.01.28"]
[Round "7.3"]
[White "Kveinys, Aloyzas"]
[Black "Schandorff, Lars"]
[Result "1-0"]
[WhiteElo "2522"]
[BlackElo "2520"]
[PlyCount "83"]
[EventDate "2000.10.14"]
[EventType "team"]
[EventRounds "15"]
[EventCountry "GER"]
[SourceTitle "Bundesliga 0001"]
[Source "DeepChess"]
[SourceDate "2005.01.01"]
[SourceVersion "1"]
[SourceVersionDate "2005.01.01"]
[SourceQuality "1"]
[WhiteTeam "Godesberger SK 1929"]
[BlackTeam "SAbt SV Werder Bremen"]
[WhiteTeamCountry "GER"]
[BlackTeamCountry "GER"]

1. e4 e5 2. Nf3 Nf6 3. Nxe5 d6 4. Nf3 Nxe4 5. d3 Nf6 6. d4 Be7 7. Bd3 O-O 8. h3
c5 9. O-O Nc6 10. Re1 h6 11. Nc3 Be6 12. Bb5 Nd5 13. Nxd5 Bxd5 14. c3 a6 15.
Bxc6 Bxc6 16. dxc5 dxc5 17. Qxd8 Bxd8 18. Be3 b6 19. Ne5 Rc8 20. Rad1 Be8 21.
Nd7 Bxd7 22. Rxd7 Rc6 23. Red1 Bc7 24. R1d5 Re8 25. Rf5 f6 26. Rfd5 Ree6 27.
Kf1 Bd6 28. h4 b5 29. h5 c4 30. a3 Be7 31. Rb7 Kf8 32. Ke2 Ke8 33. Kf3 Bf8 34.
Kg4 Be7 35. Kf5 Kf7 36. g4 Rc8 37. Bc5 Rcc6 38. f4 Ke8 39. Bb4 Bxb4 40. cxb4
Re7 41. Rb8+ Kf7 42. Rdd8 1-0

[Event "Bundesliga 0001"]
[Site "Deutschland"]
[Date "2001.01.28"]
[Round "7.4"]
[White "Knaak, Rainer"]
[Black "Langheinrich, Ferenc"]
[Result "0-1"]
[WhiteElo "2513"]
[BlackElo "2384"]
[PlyCount "64"]
[EventDate "2000.10.14"]
[EventType "team"]
[EventRounds "15"]
[EventCountry "GER"]
[SourceTitle "Bundesliga 0001"]
[Source "DeepChess"]
[SourceDate "2005.01.01"]
[SourceVersion "1"]
[SourceVersionDate "2005.01.01"]
[SourceQuality "1"]
[WhiteTeam "SAbt SV Werder Bremen"]
[BlackTeam "Godesberger SK 1929"]
[WhiteTeamCountry "GER"]
[BlackTeamCountry "GER"]

1. d4 Nf6 2. Bg5 e6 3. Nd2 c5 4. e3 Nc6 5. Ngf3 d5 6. c3 Be7 7. Bd3 Nd7 8. Bxe7
Qxe7 9. O-O O-O 10. e4 cxd4 11. exd5 Nce5 12. Nxe5 Nxe5 13. Bxh7+ Kxh7 14. Qh5+
Kg8 15. Qxe5 dxc3 16. bxc3 Qc5 17. c4 exd5 18. Rad1 Bg4 19. Nb3 Qxc4 20. f3
Rfe8 21. Qg5 Be6 22. Nd4 Bd7 23. h4 f6 24. Qf4 Re5 25. Rc1 Qxa2 26. Rc7 Rd8 27.
Rxb7 a5 28. Rc1 a4 29. Nc6 Bxc6 30. Rxc6 Qa1+ 31. Kh2 Rh5 32. Qg3 g5 0-1

[Event "Bundesliga 0001"]
[Site "Deutschland"]
[Date "2001.01.28"]
[Round "7.5"]
[White "Jackelen, Thomas"]
[Black "Pelletier, Yannick"]
[Result "0-1"]
[WhiteElo "2373"]
[BlackElo "2474"]
[PlyCount "72"]
[EventDate "2000.10.14"]
[EventType "team"]
[EventRounds "15"]
[EventCountry "GER"]
[SourceTitle "Bundesliga 0001"]
[Source "DeepChess"]
[SourceDate "2005.01.01"]
[SourceVersion "1"]
[SourceVersionDate "2005.01.01"]
[SourceQuality "1"]
[WhiteTeam "Godesberger SK 1929"]
[BlackTeam "SAbt SV Werder Bremen"]
[WhiteTeamCountry "GER"]
[BlackTeamCountry "GER"]

1. Nf3 d5 2. c4 e6 3. d4 Nf6 4. Nc3 Nbd7 5. e3 a6 6. Qc2 dxc4 7. Bxc4 b5 8. Be2
Bb7 9. O-O c5 10. Rd1 Rc8 11. dxc5 Bxc5 12. a3 Qc7 13. Bd2 Ng4 14. Ne4 f5 15.
Nxc5 Bxf3 16. Bxf3 Qxh2+ 17. Kf1 Rxc5 18. Qb3 Rc4 19. Rac1 Nde5 20. Rxc4 Nxc4
21. Bb4 Nge5 22. Qc3 a5 23. Bc5 Kf7 24. b3 Rc8 25. b4 axb4 26. axb4 Rc7 27. Rd8
Qh4 28. Rf8+ Kg6 29. g3 Qh2 30. Bg2 Rd7 31. Bd4 Qh5 32. Qc2 Nf3 33. Bxf3 Qxf3
34. Ke1 e5 35. Bc3 Nxe3 36. fxe3 Qh1+ 0-1

[Event "Bundesliga 0001"]
[Site "Deutschland"]
[Date "2001.01.28"]
[Round "7.6"]
[White "Joachim, Sven"]
[Black "Schmidt, Bodo"]
[Result "1-0"]
[WhiteElo "2445"]
[BlackElo "2368"]
[PlyCount "65"]
[EventDate "2000.10.14"]
[EventType "team"]
[EventRounds "15"]
[EventCountry "GER"]
[SourceTitle "Bundesliga 0001"]
[Source "DeepChess"]
[SourceDate "2005.01.01"]
[SourceVersion "1"]
[SourceVersionDate "2005.01.01"]
[SourceQuality "1"]
[WhiteTeam "SAbt SV Werder Bremen"]
[BlackTeam "Godesberger SK 1929"]
[WhiteTeamCountry "GER"]
[BlackTeamCountry "GER"]

1. e4 e6 2. d4 d5 3. Nc3 Nf6 4. e5 Nfd7 5. Nce2 c5 6. f4 Nc6 7. c3 cxd4 8. cxd4
Nb6 9. Nf3 Bd7 10. Nc3 Be7 11. Bd3 h5 12. O-O g6 13. g3 a5 14. a4 Nb4 15. Be2
Rc8 16. Rf2 Nc4 17. Bf1 Nb6 18. h3 Qc7 19. Nb5 Qb8 20. b3 Na8 21. Bd2 Nc7 22.
Nxc7+ Rxc7 23. Rc1 Rxc1 24. Qxc1 O-O 25. Bxb4 Bxb4 26. Rc2 b5 27. axb5 Bxb5 28.
f5 exf5 29. Qh6 Be7 30. g4 fxg4 31. hxg4 Bxf1 32. gxh5 Qxb3 33. hxg6 1-0

[Event "Bundesliga 0001"]
[Site "Deutschland"]
[Date "2001.01.28"]
[Round "7.7"]
[White "Breder, Dennis"]
[Black "Meins, Gerlef"]
[Result "1/2-1/2"]
[WhiteElo "2336"]
[BlackElo "2426"]
[PlyCount "57"]
[EventDate "2000.10.14"]
[EventType "team"]
[EventRounds "15"]
[EventCountry "GER"]
[SourceTitle "Bundesliga 0001"]
[Source "DeepChess"]
[SourceDate "2005.01.01"]
[SourceVersion "1"]
[SourceVersionDate "2005.01.01"]
[SourceQuality "1"]
[WhiteTeam "Godesberger SK 1929"]
[BlackTeam "SAbt SV Werder Bremen"]
[WhiteTeamCountry "GER"]
[BlackTeamCountry "GER"]

1. e4 c5 2. Nf3 Nc6 3. Bb5 g6 4. O-O Bg7 5. c3 Nf6 6. Re1 O-O 7. d4 d5 8. e5
Ne4 9. Bxc6 bxc6 10. Nbd2 cxd4 11. cxd4 c5 12. dxc5 Nxc5 13. Nb3 Nxb3 14. Qxb3
a5 15. Qa4 Rb8 16. Bd2 Rxb2 17. Bxa5 Qd7 18. Qh4 Qa7 19. Bc3 Rxa2 20. Rxa2 Qxa2
21. Qxe7 Qa4 22. h3 Re8 23. Qd6 Qc4 24. Bd2 Bf8 25. Qb6 Qc5 26. Qb2 Be6 27. Bg5
Qb4 28. Qxb4 Bxb4 29. Rc1 1/2-1/2

[Event "Bundesliga 0001"]
[Site "Deutschland"]
[Date "2001.01.28"]
[Round "7.8"]
[White "Heissler, Jakob"]
[Black "Philipowski, Robert"]
[Result "1/2-1/2"]
[WhiteElo "2447"]
[BlackElo "2275"]
[PlyCount "104"]
[EventDate "2000.10.14"]
[EventType "team"]
[EventRounds "15"]
[EventCountry "GER"]
[SourceTitle "Bundesliga 0001"]
[Source "DeepChess"]
[SourceDate "2005.01.01"]
[SourceVersion "1"]
[SourceVersionDate "2005.01.01"]
[SourceQuality "1"]
[WhiteTeam "SAbt SV Werder Bremen"]
[BlackTeam "Godesberger SK 1929"]
[WhiteTeamCountry "GER"]
[BlackTeamCountry "GER"]

1. e4 c5 2. Nf3 Nc6 3. d3 e6 4. g3 d5 5. Nbd2 g6 6. Bg2 Bg7 7. O-O Nge7 8. Re1
O-O 9. c3 b6 10. e5 Qc7 11. Qe2 Rb8 12. Nf1 f6 13. exf6 Rxf6 14. Ne3 e5 15. c4
e4 16. dxe4 dxe4 17. Ng5 Nd4 18. Qd1 Bb7 19. Nxe4 Rff8 20. Nf1 Rbd8 21. Bf4
Rxf4 22. gxf4 Nef5 23. Ne3 Nh4 24. Nd5 Bxd5 25. cxd5 Qxf4 26. Re3 Ndf5 27. Qd3
Nxe3 28. fxe3 Qg4 29. Ng3 Bxb2 30. Rf1 Nxg2 31. Kxg2 c4 32. Qd2 Be5 33. Qf2 Qd7
34. e4 Bg7 35. Qe2 c3 36. Qd3 Qd6 37. Rf2 Rf8 38. Rxf8+ Kxf8 39. Ne2 Qe5 40.
Qc4 Qg5+ 41. Ng3 Qe5 42. Ne2 h5 43. h4 b5 44. Qc8+ Kf7 45. Kf3 g5 46. hxg5 Qxg5
47. Qe6+ Kf8 48. Qc8+ Ke7 49. Qe6+ Kf8 50. Qc8+ Kf7 51. Qe6+ Kf8 52. Qc8+ Kf7
1/2-1/2

[Event "Bundesliga 0001"]
[Site "Deutschland"]
[Date "2001.01.28"]
[Round "7.1"]
[White "Ftacnik, Lubomir"]
[Black "Schlindwein, Rolf"]
[Result "1-0"]
[WhiteElo "2608"]
[BlackElo "2441"]
[PlyCount "184"]
[EventDate "2000.10.14"]
[EventType "team"]
[EventRounds "15"]
[EventCountry "GER"]
[SourceTitle "Bundesliga 0001"]
[Source "DeepChess"]
[SourceDate "2005.01.01"]
[SourceVersion "1"]
[SourceVersionDate "2005.01.01"]
[SourceQuality "1"]
[WhiteTeam "Hamburger SK 1830 e.V."]
[BlackTeam "SF 1982 Baiertal Schatthausen"]
[WhiteTeamCountry "GER"]
[BlackTeamCountry "GER"]

1. Nf3 Nf6 2. c4 g6 3. Nc3 Bg7 4. e4 c5 5. d4 cxd4 6. Nxd4 d6 7. Be2 Nc6 8. Be3
O-O 9. O-O Nxd4 10. Bxd4 Be6 11. f4 Qa5 12. f5 Bd7 13. Qd3 Bc6 14. a3 Nd7 15.
b4 Bxd4+ 16. Qxd4 Qe5 17. Qxe5 Nxe5 18. f6 e6 19. Rad1 Rfd8 20. Rd4 Be8 21.
Rfd1 Rdc8 22. Nb5 Bxb5 23. cxb5 h5 24. Rxd6 Kh7 25. a4 Kh6 26. h4 g5 27. hxg5+
Kxg5 28. a5 b6 29. Kf2 h4 30. Ke3 Kxf6 31. Kd4 Ng6 32. e5+ Kg5 33. Rd7 Rc2 34.
Bf3 Rac8 35. Bc6 bxa5 36. bxa5 a6 37. Rxf7 axb5 38. Bxb5 R2c5 39. Rb1 Rd5+ 40.
Ke4 Rxe5+ 41. Kf3 Rd5 42. Rb7 Rc3+ 43. Ke4 Rd2 44. Bf1 Rf2 45. Kd4 Ra3 46. a6
Kf6 47. Kc5 Ne7 48. Bc4 Rxg2 49. R1b6 Nd5 50. Rxe6+ Kxe6 51. Bxd5+ Ke5 52. Bxg2
Rxa6 53. Rb4 Ra5+ 54. Kb6 Ra2 55. Bh3 Rh2 56. Rxh4 Rh1 57. Kb5 Rh2 58. Kc4 Kf6
59. Kd4 Ra2 60. Bf1 Ra4+ 61. Bc4 Kg5 62. Rh8 Kf6 63. Kd5 Kg7 64. Rc8 Kf6 65.
Kd6 Kf5 66. Rf8+ Kg5 67. Be6 Rf4 68. Rg8+ Kf6 69. Kd5 Ra4 70. Rf8+ Kg7 71. Rf1
Ra5+ 72. Kd6 Ra6+ 73. Ke5 Ra5+ 74. Bd5 Ra6 75. Rg1+ Rg6 76. Ra1 Rg5+ 77. Ke6
Rg6+ 78. Kf5 Rf6+ 79. Ke5 Rb6 80. Ra7+ Kg6 81. Be4+ Kg5 82. Rg7+ Kh6 83. Rg8
Rb5+ 84. Kf4 Rb6 85. Bf5 Ra6 86. Ke5 Kh5 87. Be6 Kh4 88. Rg4+ Kh5 89. Rg7 Kh4
90. Bf5 Ra1 91. Bd3 Kh3 92. Kf4 Kh2 1-0

[Event "Bundesliga 0001"]
[Site "Deutschland"]
[Date "2001.01.28"]
[Round "7.2"]
[White "Berg, Emanuel"]
[Black "Kempinski, Robert"]
[Result "1-0"]
[WhiteElo "2456"]
[BlackElo "2498"]
[PlyCount "77"]
[EventDate "2000.10.14"]
[EventType "team"]
[EventRounds "15"]
[EventCountry "GER"]
[SourceTitle "Bundesliga 0001"]
[Source "DeepChess"]
[SourceDate "2005.01.01"]
[SourceVersion "1"]
[SourceVersionDate "2005.01.01"]
[SourceQuality "1"]
[WhiteTeam "SF 1982 Baiertal Schatthausen"]
[BlackTeam "Hamburger SK 1830 e.V."]
[WhiteTeamCountry "GER"]
[BlackTeamCountry "GER"]

1. e4 c5 2. Nf3 d6 3. d4 cxd4 4. Nxd4 Nf6 5. Nc3 a6 6. Be3 Ng4 7. Bg5 h6 8. Bh4
g5 9. Bg3 Bg7 10. Be2 Ne5 11. Nd5 e6 12. Ne3 Qb6 13. O-O Nbd7 14. Nb3 Nf6 15.
Nd2 Qc7 16. f4 gxf4 17. Rxf4 Nfd7 18. Ndc4 Bf8 19. Rf2 Rh7 20. Kh1 b6 21. Nxe5
Nxe5 22. Bh5 Bg7 23. Bxe5 Bxe5 24. Qg4 Kf8 25. Raf1 Ra7 26. Qg6 Rg7 27. Qxh6
Kg8 28. Ng4 Qd8 29. Bxf7+ Raxf7 30. Rxf7 Rxf7 31. Qg6+ Rg7 32. Nh6+ Kh8 33.
Nf7+ Kg8 34. Qh5 Rh7 35. Qg6+ Rg7 36. Nh6+ Kh8 37. Qh5 Rh7 38. Nf7+ Kg8 39.
Qxh7+ 1-0

[Event "Bundesliga 0001"]
[Site "Deutschland"]
[Date "2001.01.28"]
[Round "7.3"]
[White "Hansen, Sune Berg"]
[Black "Buhmann, Rainer"]
[Result "1/2-1/2"]
[WhiteElo "2545"]
[BlackElo "2416"]
[PlyCount "86"]
[EventDate "2000.10.14"]
[EventType "team"]
[EventRounds "15"]
[EventCountry "GER"]
[SourceTitle "Bundesliga 0001"]
[Source "DeepChess"]
[SourceDate "2005.01.01"]
[SourceVersion "1"]
[SourceVersionDate "2005.01.01"]
[SourceQuality "1"]
[WhiteTeam "Hamburger SK 1830 e.V."]
[BlackTeam "SF 1982 Baiertal Schatthausen"]
[WhiteTeamCountry "GER"]
[BlackTeamCountry "GER"]

1. e4 c5 2. Nf3 Nc6 3. Nc3 g6 4. d4 cxd4 5. Nxd4 Bg7 6. Be3 Nf6 7. Bc4 Qa5 8.
O-O O-O 9. Nb3 Qc7 10. Be2 d6 11. Kh1 a6 12. Bg5 e6 13. a4 b6 14. Qd2 Bb7 15.
Rad1 Na5 16. Nxa5 bxa5 17. Qf4 Ne8 18. Bh6 Qb6 19. Bxg7 Kxg7 20. Rd3 e5 21. Qd2
f5 22. exf5 Rxf5 23. Nd1 Rf4 24. b3 Rd8 25. f3 Nf6 26. c4 Rd4 27. Ne3 Rxd3 28.
Bxd3 Bc6 29. Bc2 Qb4 30. Qf2 Qc5 31. Rd1 Kf7 32. Kg1 Rd7 33. h3 Re7 34. Rd2 Kg8
35. Rd1 Rf7 36. Ng4 Qxf2+ 37. Kxf2 Nxg4+ 38. hxg4 Rd7 39. Ke3 Kf7 40. Rh1 Ke6
41. g5 d5 42. cxd5+ Bxd5 43. Bd3 Rb7 1/2-1/2

[Event "Bundesliga 0001"]
[Site "Deutschland"]
[Date "2001.01.28"]
[Round "7.4"]
[White "Koch, Wolfgang Max"]
[Black "Wahls, Matthias"]
[Result "1/2-1/2"]
[WhiteElo "2335"]
[BlackElo "2568"]
[PlyCount "86"]
[EventDate "2000.10.14"]
[EventType "team"]
[EventRounds "15"]
[EventCountry "GER"]
[SourceTitle "Bundesliga 0001"]
[Source "DeepChess"]
[SourceDate "2005.01.01"]
[SourceVersion "1"]
[SourceVersionDate "2005.01.01"]
[SourceQuality "1"]
[WhiteTeam "SF 1982 Baiertal Schatthausen"]
[BlackTeam "Hamburger SK 1830 e.V."]
[WhiteTeamCountry "GER"]
[BlackTeamCountry "GER"]

1. d4 Nf6 2. Nf3 e6 3. c4 b6 4. g3 Ba6 5. b3 Bb7 6. Bg2 Bb4+ 7. Bd2 a5 8. O-O
O-O 9. Qc2 d6 10. Nc3 Nbd7 11. a3 Bxc3 12. Bxc3 Be4 13. Qb2 Qe7 14. b4 axb4 15.
axb4 Rfb8 16. Rxa8 Rxa8 17. Ra1 Qd8 18. Bf1 Bb7 19. Nd2 c5 20. bxc5 Rxa1 21.
Qxa1 bxc5 22. Bg2 Bxg2 23. Kxg2 cxd4 24. Bxd4 h6 25. Qa6 e5 26. Be3 Qc7 27. h3
Kh7 28. Qb5 Kg8 29. Kh2 Kf8 30. Kg1 Ke7 31. Kh2 Qb8 32. Qc6 Qb4 33. Ne4 Nxe4
34. Qxe4 Qb2 35. Qg4 g5 36. Qh5 f6 37. h4 Kd8 38. Qxh6 gxh4 39. gxh4 Qxe2 40.
Qg6 Qxc4 41. h5 Qh4+ 42. Kg1 Nf8 43. Qf7 Qg4+ 1/2-1/2

[Event "Bundesliga 0001"]
[Site "Deutschland"]
[Date "2001.01.28"]
[Round "7.5"]
[White "Mueller, Karsten"]
[Black "Balzar, Andreas"]
[Result "0-1"]
[WhiteElo "2513"]
[BlackElo "2346"]
[PlyCount "64"]
[EventDate "2000.10.14"]
[EventType "team"]
[EventRounds "15"]
[EventCountry "GER"]
[SourceTitle "Bundesliga 0001"]
[Source "DeepChess"]
[SourceDate "2005.01.01"]
[SourceVersion "1"]
[SourceVersionDate "2005.01.01"]
[SourceQuality "1"]
[WhiteTeam "Hamburger SK 1830 e.V."]
[BlackTeam "SF 1982 Baiertal Schatthausen"]
[WhiteTeamCountry "GER"]
[BlackTeamCountry "GER"]

1. e4 c5 2. Nf3 d6 3. d4 cxd4 4. Nxd4 Nf6 5. Nc3 a6 6. Bc4 e6 7. Bb3 Nc6 8. Be3
Qc7 9. O-O Be7 10. f4 O-O 11. f5 Nxd4 12. Bxd4 b5 13. a3 e5 14. Be3 Bb7 15. Qf3
Rac8 16. g4 h6 17. Qg2 Bc6 18. g5 hxg5 19. Bxg5 Nxe4 20. Nxe4 Bxe4 21. Qxe4
Bxg5 22. f6 d5 23. Bxd5 Qb6+ 24. Kh1 Bxf6 25. Rad1 Rfd8 26. c3 Rd6 27. Rd3 Rcd8
28. b3 Qc5 29. c4 bxc4 30. bxc4 Rb8 31. Rh3 Rb2 32. Qg6 Qxd5+ 0-1

[Event "Bundesliga 0001"]
[Site "Deutschland"]
[Date "2001.01.28"]
[Round "7.6"]
[White "Schulzke, Erich"]
[Black "Gustafsson, Jan"]
[Result "0-1"]
[WhiteElo "2263"]
[BlackElo "2506"]
[PlyCount "78"]
[EventDate "2000.10.14"]
[EventType "team"]
[EventRounds "15"]
[EventCountry "GER"]
[SourceTitle "Bundesliga 0001"]
[Source "DeepChess"]
[SourceDate "2005.01.01"]
[SourceVersion "1"]
[SourceVersionDate "2005.01.01"]
[SourceQuality "1"]
[WhiteTeam "SF 1982 Baiertal Schatthausen"]
[BlackTeam "Hamburger SK 1830 e.V."]
[WhiteTeamCountry "GER"]
[BlackTeamCountry "GER"]

1. e4 c5 2. Nf3 e6 3. d4 cxd4 4. Nxd4 a6 5. Bd3 Qb6 6. Nb3 Qc7 7. O-O Nf6 8.
Qe2 d6 9. c4 Be7 10. Nc3 Nbd7 11. f4 b6 12. Be3 Bb7 13. Rae1 O-O 14. Kh1 Rac8
15. Bg1 g6 16. Rc1 Rfe8 17. Nd2 Qb8 18. Nf3 Qa8 19. Rcd1 Nh5 20. Be3 Nc5 21. e5
Nxd3 22. Rxd3 dxe5 23. Nxe5 b5 24. cxb5 axb5 25. Nxb5 Qxa2 26. Rdd1 Qb3 27. Nc3
Red8 28. Kg1 Nf6 29. Rxd8+ Rxd8 30. Rc1 Nd5 31. Nxd5 Qxd5 32. Rc7 Bd6 33. Rd7
Rxd7 34. Nxd7 Be7 35. Ne5 Qe4 36. Qd2 Bb4 37. Qe2 Ba6 38. Qf3 Qb1+ 39. Kf2 Qe1#
0-1

[Event "Bundesliga 0001"]
[Site "Deutschland"]
[Date "2001.01.28"]
[Round "7.7"]
[White "Heinemann, Thies"]
[Black "Gamer, Torsten"]
[Result "1/2-1/2"]
[WhiteElo "2468"]
[BlackElo "2217"]
[PlyCount "170"]
[EventDate "2000.10.14"]
[EventType "team"]
[EventRounds "15"]
[EventCountry "GER"]
[SourceTitle "Bundesliga 0001"]
[Source "DeepChess"]
[SourceDate "2005.01.01"]
[SourceVersion "1"]
[SourceVersionDate "2005.01.01"]
[SourceQuality "1"]
[WhiteTeam "Hamburger SK 1830 e.V."]
[BlackTeam "SF 1982 Baiertal Schatthausen"]
[WhiteTeamCountry "GER"]
[BlackTeamCountry "GER"]

1. e4 e6 2. d4 d5 3. Nd2 c5 4. exd5 Qxd5 5. dxc5 Bxc5 6. Ngf3 Nf6 7. Bd3 O-O 8.
Qe2 Nbd7 9. O-O Be7 10. a3 b6 11. Ne4 Bb7 12. c4 Qc6 13. Nd4 Qc7 14. Nb5 Qc6
15. f3 a6 16. Nd4 Qc7 17. Kh1 Rfd8 18. Nc2 Rac8 19. b3 Nxe4 20. Bxe4 Bxe4 21.
fxe4 Bf6 22. Bf4 Be5 23. Bxe5 Nxe5 24. Ne1 Rd7 25. Nf3 Rcd8 26. Rad1 Nd3 27.
Rd2 Qc5 28. Ra2 h6 29. g3 a5 30. a4 Qb4 31. Qc2 Qc5 32. Qe2 Qb4 33. Qc2 Qc5 34.
Qe2 Ne5 35. Rd2 Rxd2 36. Nxd2 Qd4 37. Nf3 Nxf3 38. Rxf3 Qd1+ 39. Qxd1 Rxd1+ 40.
Kg2 Kf8 41. Rc3 Rd2+ 42. Kg1 Re2 43. c5 bxc5 44. Rxc5 Rxe4 45. Kf2 Rb4 46. Rc3
Ke7 47. Ke3 Kd6 48. Kd2 e5 49. Kc2 Rb6 50. Rd3+ Ke6 51. Rc3 Rd6 52. Rc5 Rd5 53.
Rc6+ Kd7 54. Ra6 e4 55. Ra7+ Ke6 56. Ra6+ Kf5 57. Ra7 Kg6 58. Ra6+ f6 59. Ra7
f5 60. Kc3 Kf6 61. Ra6+ Kg5 62. Re6 Kg4 63. Kc4 Rd8 64. Re5 Ra8 65. Kd4 g6 66.
Ke3 Kg5 67. Ke2 Kf6 68. Rb5 Ra6 69. b4 axb4 70. Rxb4 h5 71. Ke3 Kg5 72. Kf2 h4
73. Kg2 hxg3 74. Kxg3 e3 75. h4+ Kf6 76. Kf3 Re6 77. Ke2 g5 78. hxg5+ Kxg5 79.
Rb1 f4 80. a5 Kg4 81. Rg1+ Kf5 82. Ra1 Ra6 83. Kf3 Ke5 84. Ra4 Kd5 85. Rxf4 Kc5
1/2-1/2

[Event "Bundesliga 0001"]
[Site "Deutschland"]
[Date "2001.01.28"]
[Round "7.8"]
[White "Gubler, Thilo"]
[Black "Reeh, Oliver"]
[Result "1/2-1/2"]
[WhiteElo "1776"]
[BlackElo "2420"]
[PlyCount "59"]
[EventDate "2000.10.14"]
[EventType "team"]
[EventRounds "15"]
[EventCountry "GER"]
[SourceTitle "Bundesliga 0001"]
[Source "DeepChess"]
[SourceDate "2005.01.01"]
[SourceVersion "1"]
[SourceVersionDate "2005.01.01"]
[SourceQuality "1"]
[WhiteTeam "SF 1982 Baiertal Schatthausen"]
[BlackTeam "Hamburger SK 1830 e.V."]
[WhiteTeamCountry "GER"]
[BlackTeamCountry "GER"]

1. e4 c5 2. Nf3 d6 3. d4 cxd4 4. Nxd4 Nf6 5. Nc3 Nc6 6. Bg5 Bd7 7. Bc4 e6 8.
Ndb5 Qb8 9. Bf4 Ne5 10. Be2 a6 11. Nd4 b5 12. a3 Be7 13. O-O O-O 14. Bxe5 dxe5
15. Nf3 Bc6 16. Bd3 Nd7 17. Qe2 Bc5 18. Rad1 Qb7 19. h4 Rab8 20. Na2 a5 21. b4
axb4 22. Nxb4 Bxb4 23. axb4 h6 24. Ra1 Ra8 25. g4 Rxa1 26. Rxa1 f5 27. Nd2 Nf6
28. f3 fxg4 29. fxg4 Qf7 30. Kg2 1/2-1/2

[Event "Bundesliga 0001"]
[Site "Deutschland"]
[Date "2001.01.28"]
[Round "7.1"]
[White "Bareev, Evgeny"]
[Black "Balcerak, Jakob"]
[Result "1-0"]
[WhiteElo "2702"]
[BlackElo "2413"]
[PlyCount "99"]
[EventDate "2000.10.14"]
[EventType "team"]
[EventRounds "15"]
[EventCountry "GER"]
[SourceTitle "Bundesliga 0001"]
[Source "DeepChess"]
[SourceDate "2005.01.01"]
[SourceVersion "1"]
[SourceVersionDate "2005.01.01"]
[SourceQuality "1"]
[WhiteTeam "Luebecker SV von 1873 "]
[BlackTeam "TSV Schott Mainz"]
[WhiteTeamCountry "GER"]
[BlackTeamCountry "GER"]

1. d4 Nf6 2. c4 g6 3. Nc3 Bg7 4. e4 d6 5. Be2 O-O 6. Nf3 e5 7. O-O Nc6 8. d5
Ne7 9. b4 Nh5 10. Re1 f5 11. Ng5 Nf6 12. f3 c6 13. Be3 Bh6 14. c5 f4 15. cxd6
fxe3 16. dxe7 Qxe7 17. d6 Qd8 18. Bc4+ Kg7 19. Ne6+ Bxe6 20. Bxe6 Qb6 21. Ne2
Rad8 22. Qd3 Qxb4 23. Red1 Ne8 24. d7 Nf6 25. Rab1 Qe7 26. Qc4 Rb8 27. Rd3 Rfd8
28. Rbd1 b5 29. Qb3 c5 30. Rd6 Rb6 31. Rxb6 axb6 32. Bh3 b4 33. Qa4 c4 34. Qc6
Qc5 35. Rd6 b3 36. Qxc5 bxc5 37. Nc3 bxa2 38. Nxa2 Kf7 39. Nc3 Bf8 40. Ra6 Be7
41. Be6+ Kf8 42. Ra7 Rb8 43. Bxc4 Bd8 44. Bb5 c4 45. Kf1 Bb6 46. Ra4 Ke7 47.
Rxc4 Nxd7 48. Nd5+ Kd8 49. Bxd7 Kxd7 50. Rb4 1-0